Представление документа в формате RUSMARC

ПолеНазваниеЗначение
  Тип записи a
  Библиографический уровень m
001 Контрольный номер RU/УОНБ/EK_N/615566765
005 Дата корректировки 20251125135026.9
010 Индекс ISBN __
9 Тираж 1500 экз.
013 Номер (ISMN) __
d Цена 1 р. 60 к.
100 Данные общей обработки __
a Данные общей обработки 20190704d1985 u y0rusy0189||||ca
101 Язык документа 2_
a Язык текста rus
a Язык текста ukr
f Язык титульного листа ukr
102 Страна публикации __
a Страна публикации UA
105 Кодированные данные (монография) __
a Кодированные данные (монография) y###||||000|y
125 Кодированные данные звукозаписи и нотных изданий __
a Форма изложения нотного текста с|
128 Кодированные данные (звукозаписи-физические характеристики) __
a Кодированные данные: Музыкальная форма и тональность или лад zz
c Инструменты или голоса, рекомендуемые для солистов (устаревшее) kt||
200 Заглавие и сведения об ответственности 1_
a Заглавие Вып. 2
f Первые сведения об ответственности сост. Н.А. Давыдов, В.В. Угринович
210 Выходные данные __
d Дата издания 1985
215 Физическое описание __
a Объем 96 с.
327 Примечание о содержании 11
a Примечание о содержании Содерж. : Шендерев Г. Характерная сюита : Интродукция ; Токката ; Ноктюрн ; Скерцо. - Кодреняска : молд. нар. танец / обраб. В. Негруци. - Тамуленис И. Партита. - Семенов В. Старая эстонская легенда. - Кемулария Р. Полифоническая пьеса. - Ханмамедов Г. Хазар. - Жубанова Г.-Измаилов Н. Народный танец из балета "Легенда о белой птице".
461 Уровень набора _0
1 001RU/УОНБ/EK_N/615565203
1 200
a Музика народiв СРСР
b Ноты
e для баяна
v Вып. 2
1 210
a Київ
c Музична Украiна
d 1982 -
464 Аналитический уровень _0
1 2001
a Интродукция
e из "Характерной сюиты"
1 700 1
a Шендерев
b Г.
1 50010
a Характерная сюита
464 Аналитический уровень _0
1 2001
a Кодреняска
e молд. нар. танец
1 7021
a Негруци
b В,
4 030
464 Аналитический уровень _0
1 2001
a Партита
1 700 1
a Тамуленис
b И.
464 Аналитический уровень _0
1 2001
a Старая эстонская легенда
1 700 1
a Семенов
b В.
464 Аналитический уровень _0
1 2001
a Полифоническая пьеса
1 700 1
a Кемулария
b Р.
464 Аналитический уровень _0
1 2001
a Хазар
1 700 1
a Ханмамедов
b Г.
464 Аналитический уровень _0
1 2001
a Народный танец
e из балета "Легенда о белой птице"
1 700 1
a Жубанова Г.-Измаилов Н.
1 50010
a Легенда о белой птице
464 Аналитический уровень _0
1 2001
a Токката
e из "Характерной сюиты"
1 700 1
a Шендерев
b Г.
1 50010
a Характерная сюита
464 Аналитический уровень _0
1 2001
a Ноктюрн
e из "Характерной сюиты"
1 700 1
a Шендерев
b Г.
1 50010
a Характерная сюита
464 Аналитический уровень _0
1 2001
a Скерцо
e из "Характерной сюиты"
1 700 1
a Шендерев
b Г.
1 50010
a Характерная сюита
512 Заглавие обложки 1_
a Заглавие обложки Музика народiв СРСР
517 Другие варианты заглавия 1_
a Другие варианты заглавия Музыка народов СССР
606 Тематические рубрики 0_
a Основная рубрика Баян
610 Ключевые слова 0_
a Ключевые слова баян
686 Индексы других классификаций __
a Классификационный индекс 85.954.6(2)я43
2 Код системы rubbk
702 Вторичная интеллектуальная ответственность _1
a Фамилия Давыдов
b Имя (инициалы) Н.
4 Код отношения 220
702 Вторичная интеллектуальная ответственность _1
a Фамилия Угринович
b Имя (инициалы) В.
4 Код отношения 220
801 Источник записи _0
a Страна RU
b Организация Ульяновская ОНБ
c Дата составления 20190704
g Правила каталогизации RCR
801 Источник записи _1
a Страна RU
b Организация Ульяновская ОНБ
c Дата составления 20190704
g Правила каталогизации RCR
901 Тип документа __
t Тип документа n
w Контрольный № источника RU/УОНБ/EK_N/615565203
909 Создатель записи __
a Создатель записи Никитина Т. А.
938 Служебная информация __
a Имя БД noti
b Имя библиотеки УОНБ
c Имя АИБС МАРК-SQL
d Номер DOC_ID в БД 20825